000 00450nam a2200181Ia 4500
008 100917s9999 xx 000 0 und d
082 _b13663
100 _aसाहित्य सेवा मंडळ
245 _aफुलोरा
260 _b---
_c1927
300 _a107
365 _b0
520 _aकविता
630 _aफुलोरा
650 _aकविता
730 _aफुलोरा
942 _cBOOK
999 _c619057
_d619054